000 00882nam a22001577a 4500
003 OSt
005 20160316161640.0
008 160316b xxu||||| |||| 00| 0 eng d
040 _cRUA
082 _aANS THO 2011 B471 Or.1
100 _98037
_aTHORN CHANTHET ; ថន ចាន់ថេត
245 _aStudy on growth of cp-avian broiler by using cp hi-gro feed and feed concentrate consist of shrimp by-product at royal university of agriculture, សិក្សាពីការលូតលាស់របស់មាន់សាច់ពូជ CP-Avian ដោយប្រើប្រាស់ចំណី CP hi-Gro និងចំណីផ្សំដែលមានអនុផលបង្គា នៅសាកលវិទ្យាល័យភូមិន្ទកសិកម្ម
260 _aPhnom Penh
_bRUA
_c2011
300 _ax ; 40p.
_bill.
_c29cm.
942 _2ddc
_cANS
999 _c7635
_d7635